| 000 | 00597nam a22002297a 4500 | ||
|---|---|---|---|
| 005 | 20180911153931.0 | ||
| 008 | 171219b xxu||||| |||| 00| 0 spa d | ||
| 041 | _aspa | ||
| 082 | _a972.862 V434t | ||
| 100 |
_aVelásquez Cubero, Rafael Angel _945290 |
||
| 245 | _aTurrialba: un vistazo al pasado | ||
| 260 | _aCosta Rica | ||
| 260 | _bVelázquez C. | ||
| 260 | _c2000 | ||
| 300 | _a211 páginas | ||
| 650 |
_aCOSTA RICA _949645 |
||
| 650 |
_aHISTORIA _943 |
||
| 650 |
_aTURRILABA _945292 |
||
| 650 |
_aFOLKLORE MOVIMIENTO LÍRICO _945294 |
||
| 650 |
_aCARTAGO _91052 |
||
| 942 | _cBK | ||
| 999 |
_c10231 _d10231 |
||